Click to Translate - Samoan - Statistics

General Stats
  • This quiz has been taken 67 times
  • The average score is 10 of 15
Answer Stats
Hint Answer % Correct
Ocean Moana
81%
Hello Talofa
81%
Lion Leona
79%
Nose Isu
77%
Banana Fa’i
72%
Chicken Moa
72%
Rugby Lakapi
70%
Eight Valu
70%
Moon Masina
63%
Food Mea’ai
63%
Bus Pasi
63%
Book Tusi
63%
Shop Faleoloa
60%
Radio Leitio
60%
Beautiful Manaia
53%
No matching quizzes found
Score Distribution
Percent of People with Each Score
Percentile by Number Answered
Your Score History
You have not taken this quiz